01145nam a2200229Ia 4500003000900000008004100009020001800050040001600068080002100084111017400105245031200279260003700591300002300628650002200651650002600673650002500699700003200724700003700756942000700793999001700800952009800817IN-BaIIA211028s9999 xx 000 0 eng d a0-7923-2913-9 cIIA Library a524.3:520.8bTHE aNATO ASI Workshop on the Impact of Long-Term Monitoring on Variable Star Research, Astrophysics, instrumentation, Data Handling, ArchivingcGhentd1993 Nov. 15-18919667 4aThe impact of long-term monitoring on Variable Star Researchbproceedings of the NATO ASI Workshop on the impact of long-term monitoring on Variable Star Research, Astrophysics, instrumentation, data handling, archiving, held in Ghent, Belgium, Nov 15-18,1993cedited by Christiaan Sterken and Mart de Groot aDordrechtbKluwer Academicc1994 a[various pagings.] aAstrophysics9794 aInstrumentation98032 aVariable Stars91140 ade Groot, Mart., ed.919668 aSterken, Christiaan., ed.917699 cBK c11420d11420 00104070aBANbBANcGENd1995-09-28l0o524.3:520.8/ THEp12335r2021-11-05w1995-09-28yBK